MARC

LEADER 00000nam0a2200000 4500
001 368498
005 20231102012105.0
035 |a (RuTPU)RU\TPU\retro\25880 
035 |a RU\TPU\book\334792 
090 |a 368498 
100 |a 20220412d1979 k y0rusy5003 ca 
101 0 |a rus 
102 |a LT 
105 |a a z 101zy 
200 1 |a Исследования в области осаждения металлов  |e материалы XVII республиканской конфенции электрохимиков ЛитССР, октябрь 1979 г., Вильнюс  |f Академия наук Литовский ССР (АН ЛитССР), Институт химии и химической технологии 
210 |a Вильнюс  |c [Б. и.]  |d 1979 
215 |a 251 с.  |c ил. 
320 |a Библиография в конце статей 
606 1 |a Металлы  |x Осаждение электролитическое  |2 stltpush  |3 (RuTPU)RU\TPU\subj\43157  |9 62713 
610 1 |a электрохимическое осаждение 
610 1 |a химическое осаждение 
610 1 |a кинетика 
610 1 |a композиционные покрытия 
610 1 |a анодные покрытия 
610 1 |a формирование 
610 1 |a конверсионные покрытия 
610 1 |a структура 
610 1 |a поверхности 
610 1 |a рост 
610 1 |a морфология 
610 1 |a конференции 
675 |a 621.359(063)  |z rus  |v 4 
712 0 2 |a Академия наук Литовский ССР (АН ЛитССР)  |b Институт химии и химической технологии  |2 stltpush  |3 (RuTPU)RU\TPU\col\12762 
712 1 2 |a Исследования в области осаждения металлов  |c конференция  |d 17  |e Вильнюс  |f 1979 
801 0 |a RU  |b RuMRKP  |c 19950704  |g psbo 
801 1 |a RU  |b 63413507  |c 20151113 
801 2 |a RU  |b 63413507  |c 20220714  |g RCR 
942 |c BK